| 000 | 01177nam0a22002411i 4500 | ||
|---|---|---|---|
| 001 | rc\3271233 | ||
| 005 | 20240723221845.0 | ||
| 021 |
_aRU _b[72-7008а] |
||
| 035 | _a(NLR Aleph) 007392742 | ||
| 090 |
_a6628183 _c6628183 |
||
| 100 | _a20130115d1972 |||y0rusy50 ca | ||
| 101 | 0 | _arus | |
| 102 | _aRU | ||
| 105 | _ay d ||||| | ||
| 200 | 1 |
_aИсследование влияния технологии междурядной обработки посадок картофеля на качественные и эксплуатационные показатели работы уборочных машин _e(Зона Юж. Урала) _eАвтореф. дис. на соискание учен. степени канд. техн. наук _e(412) _fЧеляб. ин-т механизации и электрификации сел. хоз-ва |
|
| 210 |
_aЧелябинск _d1972 |
||
| 215 |
_a17 с. _cграф. |
||
| 320 | _aСписок работ авт. в конце текста (8 назв.) | ||
| 700 | 1 |
_aЗавора _bВ.А. _gВиктор Алексеевич |
|
| 801 | 0 |
_aRU _bNLR _gpsbo |
|
| 801 | 1 |
_aRU _bELAR _2rusmarc |
|
| 852 |
_aNLR _j72-4/31502 |
||
| 942 | _cBOOK | ||